LEADER 01107nam2-2200373---450- 001 990002322620203316 005 20041230165027.0 010 $a88-14-01673-2 035 $a000232262 035 $aUSA01000232262 035 $a(ALEPH)000232262USA01 035 $a000232262 100 $a20041230d1988----km-y0itay0103----ba 101 0 $aita 102 $aIT 105 $a||||||||001yy 200 1 $a<> : Terza legislatura$e1983-1985$fa cura di E. Bini, E. Panunzio, C. Pasculli$cQuarta legislatura$e1985-1987 210 $aMilano$cGiuffre$d1988 215 $a965 p.$d19 cm 461 1$1001000232252$12001$aCodice della normativa della Regione Puglia 676 $a342 702 1$aPASCULLI,$bCarla 702 1$aBINI,$bEmilia 702 1$aPANUNZIO,$bEraldo 710 01$aPUGLIA$0262798 801 0$aIT$bsalbc$gISBD 912 $a990002322620203316 951 $aCodex 104$b64844 E.C.$cCodex 104 959 $aBK 969 $aGIU 979 $aSIAV6$b10$c20041230$lUSA01$h1650 979 $aPATRY$b90$c20061017$lUSA01$h1718 996 $aTerza legislatura$91069160 997 $aUNISA LEADER 01177nam 2200409 450 001 9910821509803321 005 20230814222523.0 010 $a80-246-3646-8 035 $a(CKB)4100000004822007 035 $a(MiAaPQ)EBC5402057 035 $a(Au-PeEL)EBL5402057 035 $a(CaPaEBR)ebr11565271 035 $a(OCoLC)1038491809 035 $a(EXLCZ)994100000004822007 100 $a20180802d2018 uy 0 101 0 $acze 135 $aurcnu|||||||| 181 $ctxt$2rdacontent 182 $cc$2rdamedia 183 $acr$2rdacarrier 200 10$aKvantova? Mechanika II /$fJan Kli?ma, B. Velicky? 210 1$aPraha :$cUniverzita Karlova, Nakladatelstvi? Karolinum,$d[2018] 210 4$dİ2018 215 $a1 online resource (373 pages) 311 $a80-246-3623-9 606 $aQuantum theory$xStatistical methods 615 0$aQuantum theory$xStatistical methods. 676 $a530.12015195 700 $aKli?ma$b Jan$01600696 702 $aVelicky?$b B. 801 0$bMiAaPQ 801 1$bMiAaPQ 801 2$bMiAaPQ 906 $aBOOK 912 $a9910821509803321 996 $aKvantova? Mechanika II$94024384 997 $aUNINA